[Event "Brasil op 3rd"]
[Site "Brazil"]
[Date "2010.04.03"]
[Round "4"]
[White "Stamenkovic, Dragan"]
[Black "Arcanjo da Vitoria, Thiago"]
[Result "1-0"]
[WhiteElo "2384"]
[BlackElo "2025"]
[PlyCount "47"]
[EventDate "2010.04.01"]
[EventType "swiss"]
[EventRounds "7"]
[EventCountry "BRA"]
[SourceTitle "EXT 2012"]
[Source "ChessBase"]
[SourceDate "2011.11.24"]
[SourceVersion "1"]
[SourceVersionDate "2011.11.24"]
[SourceQuality "1"]

1. d4 Nf6 2. Bg5 Ne4 3. Bf4 d5 4. e3 c6 5. Bd3 Bf5 6. f3 Nd6 7. Bxd6 Bxd3 8. Bxb8 Bxc2 9. Qxc2 Qxb8 10. Nc3 e5 11. Nge2 Bd6 12. 0-0-0 0-0 13. e4 exd4 14. Nxd4 dxe4 15. Nxe4 Be5 16. Kb1 Rd8 17. Ne2 g6 18. h4 Rxd1+ 19. Rxd1 Qf8 20. Rd7 Rd8 21. Rxb7 Qh6 22. Qb3 Qf8 23. f4 Bd4 24. Ng5 1-0

[Event "Salvador 05"]
[Site "Salvador"]
[Date "2009.05.17"]
[Round "10"]
[White "Souza Nivaldo, Seixas"]
[Black "Arcanjo da Vitoria, Thiago"]
[Result "0-1"]
[WhiteElo "1742"]
[BlackElo "1825"]
[PlyCount "50"]
[EventDate "2009.05.01"]
[EventType "tourn"]
[EventRounds "11"]
[EventCountry "BRA"]
[SourceTitle "EXT 2012"]
[Source "ChessBase"]
[SourceDate "2011.11.24"]
[SourceVersion "1"]
[SourceVersionDate "2011.11.24"]
[SourceQuality "1"]

1. e4 e6 2. d3 d5 3. Nd2 c5 4. Ngf3 Nc6 5. g3 f5 6. exf5 exf5 7. Qe2+ Be7 8. Bg2 Nf6 9. 0-0 0-0 10. Re1 Bd6 11. c3 Qc7 12. Qd1 a5 13. b3 Bd7 14. d4 Rae8 15. Rxe8 Rxe8 16. Nh4 g5 17. Nhf3 g4 18. Nh4 cxd4 19. Bb2 f4 20. Qc2 Nb4 21. Qb1 dxc3 22. Bxc3 Qxc3 23. Qc1 Be5 24. Qxc3 Bxc3 25. Bxd5+ Nfxd5 0-1

[Event "Salvador 05"]
[Site "Salvador"]
[Date "2009.05.15"]
[Round "7"]
[White "Arcanjo da Vitoria, Thiago"]
[Black "Silva, Gilberto Oliveira E"]
[Result "1/2-1/2"]
[WhiteElo "1825"]
[BlackElo "1863"]
[PlyCount "70"]
[EventDate "2009.05.01"]
[EventType "tourn"]
[EventRounds "11"]
[EventCountry "BRA"]
[SourceTitle "EXT 2012"]
[Source "ChessBase"]
[SourceDate "2011.11.24"]
[SourceVersion "1"]
[SourceVersionDate "2011.11.24"]
[SourceQuality "1"]

1. d4 d5 2. c4 dxc4 3. Nc3 Nf6 4. e4 Nc6 5. Be3 e6 6. a3 a6 7. Bxc4 b5 8. Bd3 Be7 9. h3 0-0 10. Nf3 Bb7 11. 0-0 h6 12. Rc1 Rc8 13. Qd2 Ne8 14. e5 f5 15. exf6 Bxf6 16. b4 Ne7 17. Ne5 Nd6 18. g4 Bxe5 19. dxe5 Nf7 20. f4 Nd5 21. Nxd5 Qxd5 22. Kh2 Rcd8 23. Rcd1 Qb3 24. Qe2 Qxa3 25. Bb1 Rfe8 26. Bc5 Rxd1 27. Rxd1 Bd5 28. Qc2 Nh8 29. Rd3 Qa1 30. Rxd5 exd5 31. Qh7+ Kf7 32. Qf5+ Kg8 33. Qd3 Qb2+ 34. Kg3 c6 35. Qh7+ Kf7 1/2-1/2

[Event "Salvador 05"]
[Site "Salvador"]
[Date "2009.05.01"]
[Round "3"]
[White "Arcanjo da Vitoria, Thiago"]
[Black "Ferreira da Silva, Jonathan"]
[Result "1-0"]
[WhiteElo "1825"]
[BlackElo "1749"]
[PlyCount "61"]
[EventDate "2009.05.01"]
[EventType "tourn"]
[EventRounds "11"]
[EventCountry "BRA"]
[SourceTitle "EXT 2012"]
[Source "ChessBase"]
[SourceDate "2011.11.24"]
[SourceVersion "1"]
[SourceVersionDate "2011.11.24"]
[SourceQuality "1"]

1. d4 d5 2. c4 Nf6 3. Nc3 e6 4. Bg5 Be7 5. Nf3 Nc6 6. e3 0-0 7. cxd5 Nxd5 8. Bxe7 Ncxe7 9. e4 Nxc3 10. bxc3 b6 11. Bd3 Bb7 12. 0-0 Rc8 13. c4 c6 14. Rc1 Qc7 15. e5 c5 16. Bxh7+ Kxh7 17. Ng5+ Kg8 18. Qh5 Be4 19. Nxe4 Ng6 20. d5 Qxe5 21. Ng5 Rfe8 22. Rce1 Qf5 23. g4 Qf6 24. dxe6 fxe6 25. Ne4 Qf7 26. Nd6 Qf6 27. Nxc8 Rxc8 28. Re4 Kf7 29. f4 Rh8 30. f5 exf5 31. Qxf5 1-0